Biggest Cities in Prince Edward Island on the Map - Statistics

General Stats
  • This quiz has been taken 59 times
  • The average score is 8 of 20
Answers on the Map
Answers color-coded by a green-red scale on the quiz's map according to % correct below.
 
Answer Stats
Pop City % Correct
52.3 k Charlottetown
100%
14.9 k Summerside
71%
1.7 k Kensington
48%
805 Borden-Carleton
45%
761 Georgetown
45%
903 O'Leary
45%
723 Tignish
45%
1.4 k Alberton
43%
1.8 k Montague
43%
749 North Rustico
43%
347 Cardigan
38%
396 Crapaud
36%
978 Miscouche
36%
312 Bedeque
33%
374 Kinkora
31%
324 Murray River
31%
490 Wellington
31%
809 Clyde River
29%
399 Hunter River
29%
408 Warren Grove
24%
No matching quizzes found
Score Distribution
Percent of People with Each Score
Percentile by Number Answered
Your Score History
You have not taken this quiz